VLSI for wireless communication / (Record no. 178732)
[ view plain ]
| 000 -LEADER | |
|---|---|
| fixed length control field | 01062 a2200229 4500 |
| 003 - CONTROL NUMBER IDENTIFIER | |
| control field | Nust |
| 005 - DATE AND TIME OF LATEST TRANSACTION | |
| control field | 20221228132228.0 |
| 010 ## - LIBRARY OF CONGRESS CONTROL NUMBER | |
| LC control number | 2001058081 |
| 020 ## - INTERNATIONAL STANDARD BOOK NUMBER | |
| International Standard Book Number | 812970403X |
| 040 ## - CATALOGING SOURCE | |
| Transcribing agency | Nust |
| 082 00 - DEWEY DECIMAL CLASSIFICATION NUMBER | |
| Classification number | 621.395,LEU |
| 100 1# - MAIN ENTRY--PERSONAL NAME | |
| Personal name | Leung, Bosco. |
| 9 (RLIN) | 106209 |
| 245 10 - TITLE STATEMENT | |
| Title | VLSI for wireless communication / |
| Statement of responsibility, etc. | Bosco Leung. |
| 260 ## - PUBLICATION, DISTRIBUTION, ETC. | |
| Place of publication, distribution, etc. | Upper Saddle River, NJ : |
| Name of publisher, distributor, etc. | Prentice Hall, |
| Date of publication, distribution, etc. | c2002. |
| 300 ## - PHYSICAL DESCRIPTION | |
| Extent | xviii,366 p. : |
| Other physical details | ill. ; |
| Dimensions | 27 cm. |
| 440 #0 - SERIES STATEMENT/ADDED ENTRY--TITLE | |
| Title | Prentice Hall electronics and VLSI series |
| 9 (RLIN) | 87292 |
| 505 ## - FORMATTED CONTENTS NOTE | |
| Formatted contents note | Communications Concepts (Page-1), Receiver Architectures (Page-42), Low Noise Amplifier (Page-74), Active Mixer (Page-118), Passive Mixer (Page-170), Analog to Digital Converters (Page-217), Frequency Synthesizer (Page-258), Frequency Synthesizer: Loop Filter and System Design (Page-316). |
| 650 #0 - SUBJECT ADDED ENTRY--TOPICAL TERM | |
| Topical term or geographic name entry element | Integrated circuits |
| General subdivision | Very large scale integration |
| -- | Design and construction. |
| 9 (RLIN) | 55710 |
| 650 #0 - SUBJECT ADDED ENTRY--TOPICAL TERM | |
| Topical term or geographic name entry element | Radio circuits |
| General subdivision | Design and construction. |
| 9 (RLIN) | 105198 |
| 650 #0 - SUBJECT ADDED ENTRY--TOPICAL TERM | |
| Topical term or geographic name entry element | Wireless communication systems |
| General subdivision | Design and construction. |
| 9 (RLIN) | 106210 |
| 942 ## - ADDED ENTRY ELEMENTS (KOHA) | |
| Source of classification or shelving scheme | |
| Koha item type | Book |
| Withdrawn status | Lost status | Source of classification or shelving scheme | Damaged status | Not for loan | Permanent Location | Current Location | Shelving location | Date acquired | Full call number | Barcode | Date last seen | Price effective from | Koha item type | Public note |
|---|---|---|---|---|---|---|---|---|---|---|---|---|---|---|
| Military College of Signals (MCS) | Military College of Signals (MCS) | General Stacks | 12/12/2016 | 621.395,LEU | MCS32656 | 12/08/2016 | 12/12/2016 | Book | Almirah No.40, Shelf No.3 |
